| 000 | 00000nam 2200000zi 4500 |
| 001 | 9.934179 |
| 003 | CaOODSP |
| 005 | 20240419151825 |
| 006 | m o d f |
| 007 | cr |n||||||||| |
| 008 | 240220e202403 oncdab ob f000 0 fre d |
| 020 | |a9780660703794 |
| 040 | |aCaOODSP|bfre|erda|cCaOODSP |
| 043 | |an-cn-nf |
| 086 | 1 |aFs70-6/2024-014F-PDF |
| 245 | 00|aÉvaluation de la crevette nordique (Pandalus borealis) et de la crevette ésope (Pandalus montagui) dans la zone de pêche de la crevette (ZPC) 4 en 2022 et évaluation d'un point de référence limite (PRL) proposé pour la crevette ésope dans la ZPC 4. |
| 264 | 1|aOttawa : |bSecrétariat canadien de consultation scientifique, |cmars 2024. |
| 264 | 4|c©2024 |
| 300 | |a1 ressource en ligne (23 pages) : |bcartes, graphiques, illustrations. |
| 336 | |atexte|btxt|2rdacontent/fre |
| 337 | |ainformatique|bc|2rdamedia/fre |
| 338 | |aressource en ligne|bcr|2rdacarrier/fre |
| 490 | 1 |aAvis scientifique, |x1919-5117 ; |v2024/014 |
| 500 | |aPublié aussi en anglais sous le titre : An assessment of northern shrimp (Pandalus borealis) and striped shrimp (Pandalus montagui) in shrimp fishing area (SFA) 4 in 2022 and evaluation of a proposed limit reference point (LRP) for striped shrimp in SFA 4. |
| 504 | |aComprend des références bibliographiques (pages 21-22). |
| 650 | 6|aCrevette nordique|zTerre-Neuve-et-Labrador. |
| 650 | 6|aCrevette ésope|zTerre-Neuve-et-Labrador. |
| 650 | 6|aCrevette nordique|xPêche commerciale|zTerre-Neuve-et-Labrador. |
| 650 | 6|aCrevette ésope|xPêche commerciale|zTerre-Neuve-et-Labrador. |
| 650 | 6|aCrevettes|xPopulations|zTerre-Neuve-et-Labrador. |
| 710 | 2 |aSecrétariat canadien de consultation scientifique, |eorganisme de publication. |
| 710 | 1 |aCanada. |bMinistère des pêches et des océans. |bRégion de Terre-Neuve et du Labrador, |eorganisme de publication. |
| 775 | 08|tAssessment of northern shrimp (Pandalus borealis) and striped shrimp (Pandalus montagui) in shrimp fishing area (SFA) 4 in 2022 and evaluation of a proposed limit reference point (LRP) for striped shrimp in SFA 4.|w(CaOODSP)9.934178 |
| 830 | #0|aAvis scientifique (Secrétariat canadien de consultation scientifique)|v2024/014.|w(CaOODSP)9.502624 |
| 856 | 40|qPDF|s1.14 Mo|uhttps://publications.gc.ca/collections/collection_2024/mpo-dfo/fs70-6/Fs70-6-2024-014-fra.pdf |